000 00836nas a2200265 4500
001 BR2011004433
003 BR-BrBNA
005 20231205115515.0
007 ta
008 230509b bl.|||p| |||| 00| 00por d
040 _aBR-BrBNA
_bpor
_cBiblioteca Nacional de Agricultura
041 _a(Pt)
072 _aE16
100 1 _aAraújo, D.C. de
100 1 _aCalgaro, H.F.
100 1 _aTarsitano, M.A.A.
245 1 _aProdução de pinha (Annona squamosa L.)no cinturão verde de Ilha Solteira - SP: Uma alternativa viável
650 _aFRUTA DE CONDE
650 _aANÁLISE ECONÔMICA
650 _aCUSTO DE PRODUÇÃO
650 _aRENTABILIDADE
773 0 _tCultura Agronômica (Brazil)
_xISSN 0104-1010
_g(2008), v. 17(1) p. 97-103
_wBR2011004433
909 _a202311
_bLúcia
_c55
_dLúcia Elande
942 _2AGRIS
_n0
_cANA
999 _c214154
_d214154